000 01338cam a2200373 a 4500
001 14238810
003 OSt
005 20230606122345.0
008 060124s2005 ii l 001 0 eng
010 _a 2006310326
020 _a812000406X
025 _aI-E-2006-310326; 76-13
037 _bLibrary of Congress -- New Delhi Overseas Office
040 _aDLC
_cDLC
_dDLC
042 _alcode
043 _aa-ii---
_ab------
050 0 0 _aKNS2183
_b.M35 2005
082 _a342.5405521
_bMAL
100 1 _aMalhotra, G. C.
245 1 0 _aAnti-defection law in India and the Commonwealth /
_cG.C. Malhotra.
260 _aNew Delhi :
_b[Published for] Lok Sabha Secretariat [by] Metropolitan Book Co.,
_c2005.
300 _axxvi, 1206 p. ;
_c25 cm.
500 _aIncludes index.
610 1 0 _aIndia.
_bParliament
_xRules and practice.
650 0 _aParty affiliation
_xLaw and legislation
_zIndia.
650 0 _aLegislators
_xLegal status, laws, etc.
_zIndia.
650 0 _aParty affiliation
_xLaw and legislation
_zCommonwealth countries.
650 0 _aLegislators
_xLegal status, laws, etc.
_zCommonwealth countries.
653 _aLegislators changing party
710 1 _aIndia.
_bParliament.
_bLok Sabha.
_bSecretariat.
906 _a7
_bibc
_corigode
_d2
_encip
_f20
_gy-gencatlg
942 _2ddc
_cBK
999 _c657
_d657